Fundamentals of organizational behaviour (Record no. 63373)
[ view plain ]
| 000 -LEADER | |
|---|---|
| fixed length control field | 00757nam a2200193 a 4500 |
| 008 - FIXED-LENGTH DATA ELEMENTS--GENERAL INFORMATION | |
| fixed length control field | 120416s1978 ||||||||||||||||| || u |
| 050 ## - LIBRARY OF CONGRESS CALL NUMBER | |
| Classification number | HD 58.7 Dub |
| 100 ## - MAIN ENTRY--PERSONAL NAME | |
| Personal name | DuBrin, Andrew J |
| 245 10 - TITLE STATEMENT | |
| Title | Fundamentals of organizational behaviour |
| 246 ## - | |
| -- | an applied perspective |
| 250 ## - EDITION STATEMENT | |
| Edition statement | 2nd. ed |
| 260 ## - PUBLICATION, DISTRIBUTION, ETC. | |
| Place of publication, distribution, etc. | New York |
| Name of publisher, distributor, etc. | Pergamon |
| Date of publication, distribution, etc. | [1978] |
| 300 ## - PHYSICAL DESCRIPTION | |
| Extent | xvii, 531p. |
| 350 ## - | |
| -- | 0.00 |
| 650 #0 - SUBJECT ADDED ENTRY--TOPICAL TERM | |
| Topical term or geographic name entry element | MANAGEMENT |
| 650 ## - SUBJECT ADDED ENTRY--TOPICAL TERM | |
| Topical term or geographic name entry element | ORGANIZATIONAL BEHAVIOUR |
| 995 ## - | |
| -- | BINDERY (DAMAGED) |
| -- | 0.00 |
| -- | 702682 |
| -- | CBU-MAIN LIBRARY (Kitwe) |
| -- | 1 |
| -- | 0.00 |
| -- | HD 58.7 Dub |
| -- | 1 |
| -- | AVAILABLE |
| -- | 003592 |
| -- | Main Library Open Access Collection |
| 995 ## - | |
| -- | BINDERY (DAMAGED) |
| -- | 0.00 |
| -- | 702619 |
| -- | CBU-MAIN LIBRARY (Kitwe) |
| -- | 2 |
| -- | 0.00 |
| -- | HD 58.7 Dub |
| -- | 2 |
| -- | DAMAGED |
| -- | 024219 |
| -- | Main Library Open Access Collection |
| 999 ## - | |
| -- | 63373 |
| -- | 63373 |
| Withdrawn status | Lost status | Source of classification or shelving scheme | Damaged status | Not for loan | Permanent Location | Current Location | Shelving location | Date acquired | Total Checkouts | Full call number | Barcode | Date last seen | Price effective from | Koha item type |
|---|---|---|---|---|---|---|---|---|---|---|---|---|---|---|
| CBU-MAIN LIBRARY, KITWE. | CBU-MAIN LIBRARY, KITWE. | 12/24/2022 | HD 58.7 Dub | 003592 | 12/24/2022 | 12/24/2022 | MONOGRAPH | |||||||
| CBU-MAIN LIBRARY, KITWE. | CBU-MAIN LIBRARY, KITWE. | 12/24/2022 | HD 58.7 Dub | 024219 | 12/24/2022 | 12/24/2022 | MONOGRAPH |